| Tag |
First Indicator |
Second Indicator |
Subfields |
| LEADER |
00000cam a2200000 i 4500 |
| 001 |
in00005519213 |
| 006 |
m o d |
| 007 |
cr cnu---unuuu |
| 008 |
161220s2017 flu obf 001 0 eng d |
| 005 |
20241108165414.0 |
| 035 |
|
|
|a (OCoLC)ocn966445581
|
| 040 |
|
|
|a N$T
|b eng
|e rda
|e pn
|c N$T
|d IDEBK
|d CRCPR
|d YDX
|d CUS
|d PIFBY
|d OTZ
|d OCLCQ
|d UAB
|d MERER
|d STF
|d CAUOI
|d ERL
|d OCLCQ
|d UPM
|d U3W
|d OCLCQ
|d WYU
|d S9I
|d TYFRS
|d AU@
|d OCLCQ
|d UKAHL
|d OCLCQ
|d UKBTH
|d UKMGB
|d OCLCO
|d OCLCQ
|d OCLCO
|d SFB
|d OCLCQ
|d OCLCO
|d OCLCL
|d WAU
|
| 015 |
|
|
|a GBB6F3250
|2 bnb
|
| 016 |
7 |
|
|a 018095345
|2 Uk
|
| 020 |
|
|
|a 9781315313443
|q (electronic bk.)
|
| 020 |
|
|
|a 1315313448
|q (electronic bk.)
|
| 020 |
|
|
|a 9781315313450
|
| 020 |
|
|
|a 1315313456
|
| 020 |
|
|
|a 9781315313429
|
| 020 |
|
|
|a 1315313421
|
| 020 |
|
|
|a 9781315313436
|q (ePub ebook)
|
| 020 |
|
|
|a 131531343X
|
| 020 |
|
|
|z 9781498721349
|
| 020 |
|
|
|z 1498721346
|
| 024 |
7 |
|
|a 10.1201/9781315313450
|2 doi
|
| 035 |
|
|
|a (OCoLC)966445581
|
| 037 |
|
|
|a 9781315313443
|b Ingram Content Group
|
| 050 |
|
4 |
|a TS161
|b .B78 2017eb
|
| 072 |
|
7 |
|a BUS
|x 082000
|2 bisacsh
|
| 072 |
|
7 |
|a BUS
|x 041000
|2 bisacsh
|
| 072 |
|
7 |
|a BUS
|x 042000
|2 bisacsh
|
| 072 |
|
7 |
|a BUS
|x 085000
|2 bisacsh
|
| 082 |
0 |
4 |
|a 658.7
|2 23
|
| 049 |
|
|
|a TXAM
|
| 100 |
1 |
|
|a Brunner, Paul H.,
|d 1946-
|e author.
|1 https://id.oclc.org/worldcat/entity/E39PBJbH3HyyXdTkHyqTvrpwYP
|
| 240 |
1 |
0 |
|a Practical handbook of material flow analysis
|
| 245 |
1 |
0 |
|a Handbook of material flow analysis :
|b for environmental, resource, and waste engineers /
|c Paul H. Brunner and Helmut Rechberger.
|
| 250 |
|
|
|a Second edition.
|
| 264 |
|
1 |
|a Boca Raton :
|b Taylor & Francis, CRC Press,
|c 2017.
|
| 264 |
|
4 |
|c Ã2017
|
| 300 |
|
|
|a 1 online resource (xvii, 435 pages) :
|b illustrations
|
| 336 |
|
|
|a text
|b txt
|2 rdacontent
|
| 337 |
|
|
|a computer
|b c
|2 rdamedia
|
| 338 |
|
|
|a online resource
|b cr
|2 rdacarrier
|
| 347 |
|
|
|a data file
|
| 500 |
|
|
|a Revised edition of: Practical handbook of material flow analysis.
|
| 504 |
|
|
|a Includes bibliographical references and index.
|
| 588 |
0 |
|
|a Print version record.
|
| 505 |
0 |
|
|a Introduction -- Methodology of material flow analysis -- Case studies -- Outlook : where to go?
|
| 650 |
|
0 |
|a Materials management
|v Handbooks, manuals, etc.
|
| 650 |
|
0 |
|a Environmental engineering
|v Handbooks, manuals, etc.
|
| 650 |
|
6 |
|a Gestion de l'approvisionnement
|v Guides, manuels, etc.
|
| 650 |
|
6 |
|a Technique de l'environnement
|v Guides, manuels, etc.
|
| 650 |
|
7 |
|a BUSINESS & ECONOMICS
|x Industrial Management.
|2 bisacsh
|
| 650 |
|
7 |
|a BUSINESS & ECONOMICS
|x Management.
|2 bisacsh
|
| 650 |
|
7 |
|a BUSINESS & ECONOMICS
|x Management Science.
|2 bisacsh
|
| 650 |
|
7 |
|a BUSINESS & ECONOMICS
|x Organizational Behavior.
|2 bisacsh
|
| 650 |
|
7 |
|a Environmental engineering
|2 fast
|
| 650 |
|
7 |
|a Materials management
|2 fast
|
| 655 |
|
7 |
|a Electronic books.
|2 local
|
| 655 |
|
2 |
|a Handbook
|
| 655 |
|
7 |
|a handbooks.
|2 aat
|
| 655 |
|
7 |
|a Handbooks and manuals
|2 fast
|
| 655 |
|
7 |
|a Handbooks and manuals.
|2 lcgft
|
| 655 |
|
7 |
|a Guides et manuels.
|2 rvmgf
|
| 700 |
1 |
|
|a Rechberger, Helmut,
|e author.
|
| 710 |
2 |
|
|a Taylor & Francis.
|
| 758 |
|
|
|i has work:
|a Practical handbook of material flow analysis (Text)
|1 https://id.oclc.org/worldcat/entity/E39PCGkXvkCTFhqr84X4v38bJP
|4 https://id.oclc.org/worldcat/ontology/hasWork
|
| 776 |
0 |
8 |
|i Print version:
|a Brunner, Paul H., 1946-
|s Practical handbook of material flow analysis.
|t Handbook of material flow analysis.
|b Second edition.
|d Boca Raton : Taylor & Francis, CRC Press, 2017
|z 9781498721349
|w (DLC) 2016027254
|w (OCoLC)952964478
|
| 856 |
4 |
0 |
|u http://proxy.library.tamu.edu/login?url=https://www.taylorfrancis.com/books/9781315313450
|z Connect to the full text of this electronic book
|t 0
|
| 955 |
|
|
|a Taylor and Francis ENGnetBASE
|
| 994 |
|
|
|a 92
|b TXA
|
| 999 |
f |
f |
|s 58d8d733-5c4c-461f-8af4-bcffded4f50d
|i aaf4c6cc-1eff-4270-ada3-10febcc26fff
|t 0
|
| 952 |
f |
f |
|a Texas A&M University
|b College Station
|c Electronic Resources
|d Available Online
|t 0
|e TS161 .B78 2017eb
|h Library of Congress classification
|
| 998 |
f |
f |
|a TS161 .B78 2017eb
|t 0
|l Available Online
|